[Event "NOR-chT Clubs"]
[Site "Drammen"]
[Date "2022.05.26"]
[Round "3"]
[White "Skjemstad, Frode"]
[Black "Carlsen, Christian Heen"]
[Result "1/2-1/2"]
[WhiteElo "1803"]
[BlackElo "2090"]
[PlyCount "76"]
[EventDate "2022.05.26"]
[EventType "team-swiss"]
[EventRounds "6"]
[EventCountry "NOR"]
[SourceTitle "EXT 2024"]
[Source "ChessBase"]
[SourceDate "2023.10.10"]
[SourceVersion "1"]
[SourceVersionDate "2023.10.10"]
[SourceQuality "1"]
[WhiteTeam "Eiker"]
[BlackTeam "Drammen"]
[WhiteTeamCountry "NOR"]
[BlackTeamCountry "NOR"]

1. e4 c5 2. Nc3 a6 3. a4 Nc6 4. d3 e6 5. g3 d5 6. Bg2 Nf6 7. f4 Be7 8. e5 Ng8 9. Nf3 h5 10. h3 Nh6 11. 0-0 Nf5 12. Kh2 Bd7 13. Bd2 Qc7 14. Re1 Ncd4 15. Ne2 Nxf3+ 16. Bxf3 d4 17. Ng1 g6 18. b3 0-0-0 19. Qe2 Rdg8 20. h4 Bc6 21. Bxc6 Qxc6 22. Qf3 Qc7 23. Nh3 Kb8 24. Nf2 Rc8 25. Ne4 Qc6 26. Qg2 Nh6 27. Nf2 Rhd8 28. Qxc6 Rxc6 29. a5 Rcc8 30. Kg2 Nf5 31. Kf3 Kc7 32. Ne4 Kc6 33. Nf2 Kd5 34. Re2 Rd7 35. Rae1 Bd8 36. Nd1 Ne7 37. Nb2 Nc6 38. Nc4 Bc7 1/2-1/2

[Event "Drammen Konnerud Autumn-A"]
[Site "Drammen"]
[Date "2020.10.21"]
[Round "10"]
[White "Rorvik, Jon Fredrik"]
[Black "Carlsen, Christian Heen"]
[Result "1-0"]
[WhiteElo "2186"]
[BlackElo "2079"]
[PlyCount "73"]
[EventDate "2020.08.19"]
[EventType "tourn"]
[EventRounds "13"]
[EventCountry "NOR"]
[SourceTitle "EXT 2024"]
[Source "ChessBase"]
[SourceDate "2023.10.10"]
[SourceVersion "1"]
[SourceVersionDate "2023.10.10"]
[SourceQuality "1"]

1. c4 e5 2. g3 Nf6 3. Nc3 Bb4 4. Bg2 0-0 5. e4 Bxc3 6. bxc3 d6 7. Ne2 h6 8. 0-0 Nc6 9. h3 Be6 10. d3 Nh7 11. Rb1 Rb8 12. f4 exf4 13. Nxf4 Bd7 14. Be3 Nf6 15. Qd2 a6 16. Rf2 Ne5 17. Rbf1 Qe7 18. Ne2 Nh7 19. Nd4 b5 20. cxb5 axb5 21. Nf5 Bxf5 22. exf5 f6 23. Re1 Qf7 24. Bf4 Rfe8 25. Qd1 Nf8 26. Rfe2 Kh8 27. d4 Nc4 28. Bc6 Rxe2 29. Qxe2 Na3 30. Qe7 Qxe7 31. Rxe7 Nb1 32. Rxc7 Nxc3 33. Kf2 Nxa2 34. Bxd6 b4 35. Rf7 b3 36. Bxb8 b2 37. Rxf8+ 1-0

[Event "Drammen Konnerud Autumn-A"]
[Site "Drammen"]
[Date "2020.09.30"]
[Round "7"]
[White "Carlsen, Christian Heen"]
[Black "Marthinussen, Emma Viktoria Lia"]
[Result "1-0"]
[WhiteElo "2079"]
[BlackElo "1436"]
[PlyCount "67"]
[EventDate "2020.08.19"]
[EventType "tourn"]
[EventRounds "13"]
[EventCountry "NOR"]
[SourceTitle "EXT 2024"]
[Source "ChessBase"]
[SourceDate "2023.10.10"]
[SourceVersion "1"]
[SourceVersionDate "2023.10.10"]
[SourceQuality "1"]

1. d4 Nf6 2. c4 g6 3. Nc3 Bg7 4. e4 d6 5. Be2 0-0 6. Bg5 Nbd7 7. Qd2 e5 8. d5 a5 9. h4 Nc5 10. f3 Qe7 11. g4 Bd7 12. h5 Na4 13. Nxa4 Bxa4 14. Nh3 Bd7 15. 0-0-0 Qe8 16. Kb1 b5 17. Rc1 b4 18. c5 Bb5 19. Bxb5 Qxb5 20. cxd6 cxd6 21. Rc6 b3 22. hxg6 bxa2+ 23. Ka1 fxg6 24. Be3 Ra6 25. Rxa6 Qxa6 26. Ng5 Bh8 27. Rc1 Rc8 28. Rxc8+ Qxc8 29. Qxa5 Nd7 30. Ne6 Nf8 31. Bh6 Nxe6 32. dxe6 Bg7 33. e7 Kf7 34. Qd8 1-0

[Event "Tonsberg op"]
[Site "Tonsberg"]
[Date "2004.11.07"]
[Round "1"]
[White "Carlsen, Christian Heen"]
[Black "Krohn, Sverre Hoegh"]
[Result "1-0"]
[WhiteElo "2028"]
[BlackElo "1749"]
[PlyCount "57"]
[EventDate "2004.11.07"]
[EventType "swiss"]
[EventRounds "5"]
[EventCountry "NOR"]
[SourceTitle "EXT 2008"]
[Source "ChessBase"]
[SourceDate "2007.11.25"]
[SourceVersion "1"]
[SourceVersionDate "2007.11.25"]
[SourceQuality "1"]

1. e4 e5 2. Nf3 Nc6 3. Bb5 Nge7 4. 0-0 g6 5. d4 exd4 6. Nxd4 Bg7 7. Ne2 0-0 8. Nbc3 d6 9. Bg5 f6 10. Bh4 g5 11. Bg3 f5 12. f4 g4 13. Bh4 Bf6 14. Bxf6 Rxf6 15. Ng3 Rh6 16. Re1 fxe4 17. Ncxe4 d5 18. Ng5 Ng6 19. Qd2 Qd6 20. Bxc6 bxc6 21. Re8+ Nf8 22. Rae1 Bb7 23. Rxa8 Bxa8 24. Re8 Bb7 25. f5 Rf6 26. Ne6 h6 27. Qd4 Rxe6 28. fxe6 Kh7 29. Nf5 1-0

[Event "NOR-chB op"]
[Site "Asker"]
[Date "2003.05.28"]
[Round "1"]
[White "Carlsen, Christian Heen"]
[Black "Revil, Bjorn"]
[Result "1-0"]
[WhiteElo "2032"]
[BlackElo "1836"]
[PlyCount "88"]
[EventDate "2003.05.??"]
[EventType "swiss"]
[EventRounds "5"]
[EventCountry "NOR"]
[SourceTitle "EXT 2005"]
[Source "ChessBase"]
[SourceDate "2004.11.15"]
[SourceVersion "1"]
[SourceVersionDate "2004.11.15"]
[SourceQuality "1"]

1. e4 c5 2. Nf3 e6 3. d4 cxd4 4. Nxd4 Nc6 5. Nxc6 bxc6 6. Bd3 Nf6 7. 0-0 d5 8. e5 Nd7 9. Qe2 Qc7 10. Re1 Be7 11. Nd2 Nc5 12. Nb3 Nxd3 13. cxd3 c5 14. Bd2 a5 15. Rac1 Qb6 16. Qg4 0-0 17. Bh6 g6 18. Bxf8 Bxf8 19. Rc2 Ba6 20. Re3 c4 21. dxc4 Bxc4 22. Nd2 Ba6 23. Rb3 Qd8 24. Rc6 Bb4 25. Qd4 Qg5 26. f4 Qg4 27. Nf3 Qf5 28. a3 Bc4 29. Re3 Bf8 30. Nd2 Rb8 31. Nxc4 dxc4 32. Re2 Bh6 33. g3 Qb1+ 34. Kg2 g5 35. Rxc4 gxf4 36. gxf4 Kh8 37. Rc3 Qf5 38. Rf2 Rg8+ 39. Rg3 Rc8 40. Qd3 Qh5 41. Qf3 Qf5 42. Qg4 Qe4+ 43. Kh3 Qb7 44. Rfg2 Qa8 1-0